| 000 | 00794naa a2200241 i 4500 | ||
|---|---|---|---|
| 001 | 73185 | ||
| 003 | ES-MaBCM | ||
| 005 | 20241016120035.0 | ||
| 008 | 010305s2000 esp 000 0 spa d | ||
| 021 | _axx | ||
| 035 | _a(OCoLC)1365245478 | ||
| 040 | _cES-MaBCM | ||
| 041 | 0 | _aspa | |
| 043 | _aesp | ||
| 100 | 1 |
_aSanz Larruga, Francisco Javier _942639 |
|
| 245 | 1 | 3 |
_aLa Ley de protección ambiental de Galicia _b: sus bases jurídicas y principios ordenadores _cFrancisco Javier Sanz Larruga |
| 650 | 2 | 7 |
_aProtección del medio ambiente _959954 |
| 651 | 2 | 4 |
_aGalicia _9115642 |
| 655 | 4 |
_aLegislación _959194 |
|
| 655 | 4 |
_aLegislación comentada _9115338 |
|
| 773 | 0 |
_aEn: _tRevista xurídica galega _dVigo : 2000 _w104940 _gn. 28, 3º trimestre, p. 235-260. - Loc. S.399 |
|
| 942 | _cAREV | ||
| 999 |
_c73185 _d73185 |
||